000
00287nam a2200121Ia 4500
008
160319s9999 xx 000 0 und d
020
_a
9716982100
050
_b
R627n 2005
245
_a
Noli Me Tangere /
260
_b
Vicente Pub. House Inc.
260
_c
2005
300
_a
441 pages :
999
_c
292326
_d
292326